[Event "Hessen-ch qual-E"]
[Site "Erlensee"]
[Date "2007.04.08"]
[Round "5"]
[White "Bieber, Juergen"]
[Black "Hummel, Florian"]
[Result "1/2-1/2"]
[WhiteElo "1428"]
[BlackElo "1468"]
[PlyCount "63"]
[EventDate "2007.04.06"]
[EventType "swiss"]
[EventRounds "5"]
[EventCountry "GER"]
[SourceTitle "CBM 117 Extra"]
[Source "ChessBase"]
[SourceDate "2007.05.09"]
[SourceVersion "1"]
[SourceVersionDate "2007.05.09"]
[SourceQuality "1"]

1. c4 c5 2. Nc3 Nc6 3. g3 d6 4. Bg2 Bd7 5. b3 g6 6. Bb2 Bg7 7. Rb1 Nf6 8. e3 Bf5 9. d3 Rb8 10. Nf3 0-0 11. 0-0 Qd7 12. Re1 Nb4 13. e4 Bg4 14. a3 Nc6 15. Ne2 b5 16. cxb5 Rxb5 17. Nc3 Rb7 18. Qc2 Bxf3 19. Bxf3 Nd4 20. Qd1 Nxf3+ 21. Qxf3 Rxb3 22. Qe2 Rfb8 23. Ba1 Ng4 24. Rxb3 Rxb3 25. Nd5 Bxa1 26. Rxa1 Ne5 27. Rd1 Kf8 28. Ne3 Qb5 29. Nc4 Nxd3 30. Qc2 Ne5 31. Nxe5 dxe5 32. Rd5 1/2-1/2